000 01070nam a2200253 a 4500
001 52081
003 BD-RjUL
005 20211209075742.0
008 160905s1961 riu 001 0 eng d
035 _a(BD-RjUL)52201
040 _aBD-RjUL
_beng
_cBD-RjUL
_dBD-RjUL
041 _aeng
082 _223
_a516.7
_bDIF 1961
111 2 _aSymposium in Pure Mathematics
_n(3rd :
_d1960 :
_cTucson, Ariz)
_9155761
245 1 0 _aDifferential geometry :
_bproceedings of the third Symposium in Pure Mathematics of the American Mathematical Society, held at the University of Arizona, Tucson, Arizona, February 18-19, 1960 /
_cCarl B. Allendoerfer, editor
260 _aProvidence, R.I :
_bAmerican Mathematical Society,
_cc1961
300 _avii, 200 p. ;
_c26 cm
490 1 _aProceedings of symposia in pure mathematics ;
_v3
500 _aIncludes index
650 0 _aGeometry, Differential
_vCongresses
_9151570
700 1 _aAllendoerfer, Carl B.
_q(Carl Barnett),
_d1911-1974.
_9155762
830 0 _aProceedings of symposia in pure mathematics ;
_v3
_9155766
942 _2ddc
_cBK
999 _c52081
_d52081